<?xml version="1.0" encoding="UTF-8"?>
<record
    xmlns:xsi="http://www.w3.org/2001/XMLSchema-instance"
    xsi:schemaLocation="http://www.loc.gov/MARC21/slim http://www.loc.gov/standards/marcxml/schema/MARC21slim.xsd"
    xmlns="http://www.loc.gov/MARC21/slim">

  <leader>00834cam a2200253 a 4500</leader>
  <datafield tag="999" ind1=" " ind2=" ">
    <subfield code="c">330030</subfield>
    <subfield code="d">330030</subfield>
  </datafield>
  <controlfield tag="001">1790297</controlfield>
  <controlfield tag="003">NUST</controlfield>
  <controlfield tag="005">20170613092741.0</controlfield>
  <controlfield tag="008">810904s1976    pk            000 0 arao </controlfield>
  <datafield tag="010" ind1=" " ind2=" ">
    <subfield code="a">   77939119 </subfield>
  </datafield>
  <datafield tag="040" ind1=" " ind2=" ">
    <subfield code="a">DLC</subfield>
    <subfield code="c">DLC</subfield>
    <subfield code="d">DLC</subfield>
  </datafield>
  <datafield tag="041" ind1="1" ind2=" ">
    <subfield code="a">araurd</subfield>
  </datafield>
  <datafield tag="043" ind1=" " ind2=" ">
    <subfield code="a">a-is---</subfield>
  </datafield>
  <datafield tag="050" ind1="0" ind2="0">
    <subfield code="a">PJ8190.P3</subfield>
    <subfield code="b">A54</subfield>
  </datafield>
  <datafield tag="082" ind1=" " ind2=" ">
    <subfield code="a">891.4391</subfield>
    <subfield code="b">AMJ</subfield>
  </datafield>
  <datafield tag="100" ind1="1" ind2=" ">
    <subfield code="a">Amjad, Amjad Isl&#x101;m,</subfield>
    <subfield code="d">1944-</subfield>
    <subfield code="9">1998</subfield>
  </datafield>
  <datafield tag="245" ind1="1" ind2="0">
    <subfield code="a">&#x2BB;Aks :</subfield>
    <subfield code="b">jad&#x12B;d &#x2BB;Arab&#x12B; na&#x1E93;mon&#x332; k&#x101; man&#x1E93;&#x16B;m tarjumah /</subfield>
    <subfield code="c">Amjad Isl&#x101;m Amjad.</subfield>
  </datafield>
  <datafield tag="260" ind1=" " ind2=" ">
    <subfield code="a">L&#x101;hore :</subfield>
    <subfield code="b">Majlis-i Taraqq&#x12B;-yi Adab,</subfield>
    <subfield code="c">1976.</subfield>
  </datafield>
  <datafield tag="300" ind1=" " ind2=" ">
    <subfield code="a">112 p. ;</subfield>
    <subfield code="c">21 cm.</subfield>
  </datafield>
  <datafield tag="500" ind1=" " ind2=" ">
    <subfield code="a">Poems.</subfield>
  </datafield>
  <datafield tag="500" ind1=" " ind2=" ">
    <subfield code="a">In Urdu.</subfield>
  </datafield>
  <datafield tag="650" ind1=" " ind2="0">
    <subfield code="a">Arabic poetry</subfield>
    <subfield code="z">Palestine</subfield>
    <subfield code="x">Translations into Urdu.</subfield>
    <subfield code="9">2003</subfield>
  </datafield>
  <datafield tag="650" ind1=" " ind2="0">
    <subfield code="a">Arabic poetry</subfield>
    <subfield code="y">20th century</subfield>
    <subfield code="x">Translations into Urdu.</subfield>
    <subfield code="9">2004</subfield>
  </datafield>
  <datafield tag="880" ind1=" " ind2=" ">
    <subfield code="a">&#x639;&#x6A9;&#x633;</subfield>
    <subfield code="6">245-02\(3\r</subfield>
    <subfield code="c">&#x627;&#x645;&#x62C;&#x62F; &#x627;&#x633;&#x644;&#x627;&#x645; &#x627;&#x645;&#x62C;&#x62F;</subfield>
  </datafield>
  <datafield tag="880" ind1=" " ind2=" ">
    <subfield code="a">&#x627;&#x645;&#x62C;&#x62F; &#x627;&#x633;&#x644;&#x627;&#x645; &#x627;&#x645;&#x62C;&#x62F;</subfield>
    <subfield code="6">100-01\(3\r</subfield>
  </datafield>
  <datafield tag="880" ind1=" " ind2=" ">
    <subfield code="a">&#x644;&#x627;&#x6C1;&#x648;&#x631;:</subfield>
    <subfield code="6">260-03\(3\r</subfield>
    <subfield code="b">&#x633;&#x646;&#x6AF; &#x645;&#x6CC;&#x644; &#x67E;&#x628;&#x644;&#x6CC; &#x6A9;&#x6CC;&#x634;&#x646;&#x632;&#x60C;</subfield>
    <subfield code="c">1991.</subfield>
  </datafield>
  <datafield tag="906" ind1=" " ind2=" ">
    <subfield code="a">7</subfield>
    <subfield code="b">cbc</subfield>
    <subfield code="c">orignew</subfield>
    <subfield code="d">4</subfield>
    <subfield code="e">ncip</subfield>
    <subfield code="f">19</subfield>
    <subfield code="g">y-gencatlg</subfield>
  </datafield>
  <datafield tag="942" ind1=" " ind2=" ">
    <subfield code="2">ddc</subfield>
    <subfield code="c">BK</subfield>
  </datafield>
  <datafield tag="952" ind1=" " ind2=" ">
    <subfield code="0">0</subfield>
    <subfield code="1">0</subfield>
    <subfield code="2">ddc</subfield>
    <subfield code="4">0</subfield>
    <subfield code="7">0</subfield>
    <subfield code="8">FIC</subfield>
    <subfield code="a">CL</subfield>
    <subfield code="b">CL</subfield>
    <subfield code="c">FIC</subfield>
    <subfield code="d">2017-06-06</subfield>
    <subfield code="l">2</subfield>
    <subfield code="o">891.4391 AMJ</subfield>
    <subfield code="p">CL2399</subfield>
    <subfield code="r">2021-11-29</subfield>
    <subfield code="s">2021-10-11</subfield>
    <subfield code="t">1</subfield>
    <subfield code="w">2017-06-06</subfield>
    <subfield code="y">BK</subfield>
  </datafield>
</record>
